[Event "Kstovo Kichigin Memorial op"]
[Site "Kstovo"]
[Date "2010.02.??"]
[Round "8"]
[White "Pyatnitsyn, Andrey"]
[Black "Jevtushenko, VV."]
[Result "0-1"]
[WhiteElo "1943"]
[BlackElo "1938"]
[PlyCount "66"]
[EventDate "2010.02.??"]
[EventType "swiss"]
[EventRounds "9"]
[EventCountry "RUS"]
[SourceTitle "EXT 2014"]
[Source "ChessBase"]
[SourceDate "2013.11.20"]
[SourceVersion "1"]
[SourceVersionDate "2013.11.20"]
[SourceQuality "1"]

1. e4 c5 2. Nf3 Nc6 3. Bb5 Qc7 4. 0-0 Nf6 5. Re1 e6 6. c3 a6 7. Bxc6 bxc6 8. e5 Nd5 9. d4 cxd4 10. cxd4 Be7 11. Nc3 Nxc3 12. bxc3 0-0 13. Bg5 Qd8 14. Bxe7 Qxe7 15. Nd2 c5 16. Ne4 cxd4 17. cxd4 Bb7 18. Nd6 Bd5 19. Qd2 f6 20. Rac1 fxe5 21. dxe5 Qh4 22. Rc3 Rab8 23. Qc2 Qg4 24. Rg3 Qb4 25. Rge3 Qb2 26. R3e2 Qxc2 27. Rxc2 Rb4 28. f3 h6 29. Re3 Rfb8 30. a3 Rb2 31. Rxb2 Rxb2 32. Ne4 Rc2 33. Rc3 Bxe4 0-1

[Event "Kstovo Kichigin Memorial op"]
[Site "Kstovo"]
[Date "2010.02.??"]
[Round "3"]
[White "Pyatnitsyn, Andrey"]
[Black "Malyshev, Nikita"]
[Result "1/2-1/2"]
[WhiteElo "1943"]
[BlackElo "1848"]
[PlyCount "32"]
[EventDate "2010.02.??"]
[EventType "swiss"]
[EventRounds "9"]
[EventCountry "RUS"]
[SourceTitle "EXT 2014"]
[Source "ChessBase"]
[SourceDate "2013.11.20"]
[SourceVersion "1"]
[SourceVersionDate "2013.11.20"]
[SourceQuality "1"]

1. e4 c6 2. d4 d5 3. exd5 cxd5 4. Bd3 Nc6 5. c3 Nf6 6. Bf4 Bg4 7. Qb3 Qc8 8. Nd2 e6 9. Ngf3 Be7 10. 0-0 0-0 11. h3 Bh5 12. Rfe1 Bg6 13. Bxg6 hxg6 14. Ne5 Nxe5 15. Bxe5 Qc6 16. Nf3 Bd6 1/2-1/2

[Event "Kstovo Kichigin Memorial op"]
[Site "Kstovo"]
[Date "2010.02.??"]
[Round "7"]
[White "Zaitsev, Dmitry A"]
[Black "Pyatnitsyn, Andrey"]
[Result "1/2-1/2"]
[WhiteElo "2212"]
[BlackElo "1943"]
[PlyCount "70"]
[EventDate "2010.02.??"]
[EventType "swiss"]
[EventRounds "9"]
[EventCountry "RUS"]
[SourceTitle "EXT 2014"]
[Source "ChessBase"]
[SourceDate "2013.11.20"]
[SourceVersion "1"]
[SourceVersionDate "2013.11.20"]
[SourceQuality "1"]

1. Nf3 d5 2. g3 Nf6 3. Bg2 c5 4. 0-0 Nc6 5. d4 cxd4 6. Nxd4 e5 7. Nxc6 bxc6 8. c4 Bb7 9. cxd5 cxd5 10. Nc3 Qd7 11. Qb3 Bc6 12. Bg5 d4 13. Bxf6 Bxg2 14. Kxg2 gxf6 15. Nd5 Bg7 16. Qf3 Rb8 17. Nxf6+ Bxf6 18. Qxf6 Qd5+ 19. Kg1 0-0 20. b3 Rb6 21. Qf5 Qb5 22. Qd3 Qd5 23. Rac1 Rd8 24. Rc7 Rdd6 25. Rxa7 Rbc6 26. Re7 Kf8 27. Rb7 e4 28. Qb5 Rc5 29. Rb8+ Kg7 30. Qe8 d3 31. exd3 exd3 32. Rd1 d2 33. Rc8 Rxc8 34. Qxc8 Qf3 35. Qc2 Qe2 1/2-1/2

[Event "Kstovo Mayak op"]
[Site "Kstovo"]
[Date "2007.12.06"]
[Round "6"]
[White "Pyatnitsyn, Andrey"]
[Black "Pristalov, Evgeny"]
[Result "0-1"]
[WhiteElo "1967"]
[BlackElo "1864"]
[PlyCount "52"]
[EventDate "2007.11.19"]
[EventType "swiss"]
[EventRounds "9"]
[EventCountry "RUS"]
[SourceTitle "EXT 2022"]
[Source "ChessBase"]
[SourceDate "2021.10.06"]
[SourceVersion "1"]
[SourceVersionDate "2021.10.06"]
[SourceQuality "1"]

1. e4 Nf6 2. e5 Nd5 3. Nf3 d6 4. Bc4 Nb6 5. Bxf7+ Kxf7 6. Ng5+ Kg8 7. Qf3 Qe8 8. e6 g6 9. Nf7 Bg7 10. 0-0 Bxe6 11. Nxh8 Bd5 12. Qh3 Kxh8 13. Nc3 Bc6 14. d3 N8d7 15. Re1 Qf7 16. Ne4 Rf8 17. Be3 Bxe4 18. dxe4 Bxb2 19. Rab1 Bg7 20. a4 Ne5 21. a5 Nbc4 22. Rxb7 Nxe3 23. Qxe3 Bh6 24. Qxa7 Nc6 25. f3 Nxa7 26. Rxa7 Qc4 0-1

[Event "Kstovo op"]
[Site "Kstovo"]
[Date "2007.10.??"]
[Round "3"]
[White "Krivonogov, Alexander"]
[Black "Pyatnitsyn, Andrey"]
[Result "1-0"]
[WhiteElo "2264"]
[BlackElo "1967"]
[PlyCount "59"]
[EventDate "2007.10.??"]
[EventType "swiss"]
[EventRounds "9"]
[EventCountry "RUS"]
[SourceTitle "EXT 2009"]
[Source "ChessBase"]
[SourceDate "2008.11.26"]
[SourceVersion "1"]
[SourceVersionDate "2008.11.26"]
[SourceQuality "1"]

1. e4 c6 2. Nf3 d5 3. Nc3 d4 4. Ne2 c5 5. d3 Nc6 6. g3 e5 7. Bg2 Nf6 8. 0-0 Be7 9. h3 h6 10. Nh2 Qc7 11. f4 Bd7 12. c3 Bd6 13. Nf3 Rd8 14. c4 Nh5 15. f5 g5 16. fxg6 fxg6 17. Nh4 Ne7 18. Kh2 Be6 19. Bf3 Ng7 20. Bg4 Kd7 21. Rf7 Bxg4 22. hxg4 g5 23. Ng6 Rhg8 24. Qf1 Ne6 25. Qf6 Rde8 26. Bd2 Kd8 27. Nxe7 Rxe7 28. Rf1 Ke8 29. Rxe7+ Qxe7 30. Qxh6 1-0

[Event "Kstovo op"]
[Site "Kstovo"]
[Date "2007.10.??"]
[Round "7"]
[White "Pyatnitsyn, Andrey"]
[Black "Sorokin, Nikolay A"]
[Result "0-1"]
[WhiteElo "1967"]
[BlackElo "1766"]
[PlyCount "64"]
[EventDate "2007.10.??"]
[EventType "swiss"]
[EventRounds "9"]
[EventCountry "RUS"]
[SourceTitle "EXT 2009"]
[Source "ChessBase"]
[SourceDate "2008.11.26"]
[SourceVersion "1"]
[SourceVersionDate "2008.11.26"]
[SourceQuality "1"]

1. e4 c5 2. Nf3 a6 3. d4 cxd4 4. Nxd4 Nf6 5. Bd3 e5 6. Nf3 Bb4+ 7. c3 Bd6 8. 0-0 Bc7 9. Bg5 d6 10. h3 0-0 11. Nbd2 Re8 12. Nc4 b5 13. Ne3 Bb7 14. Bc2 Nbd7 15. Ng4 h6 16. Bxf6 Nxf6 17. Nxf6+ Qxf6 18. Re1 Rad8 19. Bb3 Qf4 20. Bd5 Bc8 21. a4 bxa4 22. Rxa4 Bb6 23. b3 a5 24. Qe2 Bd7 25. Raa1 g5 26. Nd2 g4 27. g3 Qxg3+ 28. Kh1 Qxh3+ 29. Kg1 g3 30. Bxf7+ Kxf7 31. Qf3+ Kg7 32. Qg2 Bxf2+ 0-1